00294pab a2200097 454500008003600000100001500036245005500051362003600106650002000142773003400162180718b xxu||||| |||| 00| 0 eng d aArun Kumar aElaborating citizens' union budget: an alternative a29(26), 25 Jun 1994, p.1615-616 aBudget -- India aEconomic and Political Weekly